Ứng dụng đạo hàm chứng minh bất đẳng thức

Cơ sở lý luận. Ứng dụng đạo hàm chứng minh các bất đẳng thức thường gặp. Sử dụng tính đơn điệu của hàm số chứng minh bất đẳng thức. Dùng các phương pháp khác để chứng minh bất đẳng thức.

Bewaard in:
Bibliografische gegevens
Hoofdauteur: Lê Thị Kim Ánh
Andere auteurs: Phan Thị Quản (Hướng dẫn)
Formaat: Boek
Taal:Vietnamese
Gepubliceerd in: Đà Nẵng Đại học Sư phạm, Đại học Đà Nẵng 2013
Onderwerpen:
Tags: Voeg label toe
Geen labels, Wees de eerste die dit record labelt!
Thư viện lưu trữ: Mạng thư viện Đại học Đà Nẵng
LEADER 01625nam a2200349 4500
001 000018706
003 15141
005 20131220151213.0
008 131218s2013 viesd
041 |a vie 
082 1 4 |a 515.26  |b LÊ-A 
100 1 |a Lê Thị Kim Ánh 
245 1 0 |a Ứng dụng đạo hàm chứng minh bất đẳng thức  |c Lê Thị Kim Ánh ; Phan Thị Quản hướng dẫn  |k Khóa luận tốt nghiệp 
260 |a Đà Nẵng  |b Đại học Sư phạm, Đại học Đà Nẵng  |c 2013 
300 |a 52 tr.  |c 29 cm.  |e Bản tóm tắt 
500 |a Khóa luận tốt nghiệp đại học. Chuyên ngành: Sư phạm Toán 
520 |a Cơ sở lý luận. Ứng dụng đạo hàm chứng minh các bất đẳng thức thường gặp. Sử dụng tính đơn điệu của hàm số chứng minh bất đẳng thức. Dùng các phương pháp khác để chứng minh bất đẳng thức. 
650 0 4 |a Bất đẳng thức  |v Khóa luận tốt nghiệp  |x Ứng dụng đạo hàm 
653 |a Khoa Toán 
653 |a Bất đẳng thức 
653 |a Đạo hàm 
700 1 |a Phan Thị Quản  |e Hướng dẫn 
OWN |a LSP 
AVA |a UDN50  |b LSP  |d 515.26 LÊ-A  |e available  |t Error 5001 Not defined in file expand_doc_bib_avail.  |f 1  |g 0  |h N  |i 0  |k 1 
999 |a From the UDN01 
AVA |a UDN50  |b LSP  |d 515.26 LÊ-A  |e available  |t Error 5001 Not defined in file expand_doc_bib_avail.  |f 1  |g 0  |h N  |i 0  |k 1 
TYP |a Monograph 
TYP |a Printed language 
980 |a Mạng thư viện Đại học Đà Nẵng